000
00341nam a2200145Ia 4500
008
191201s2000 xx 000 0 und d
082
_a
677.02824
_b
BAW
100
_a
BANERJEE, N.N
245
0
_a
Weaving Mechanism
250
_a
12th
260
_a
N. Delhi
_b
Tandra Banerjee
_c
2000
300
_a
332
650
_a
B.Tech(TE)
942
_2
ddc
_c
BK
999
_c
5211
_d
5211